Algebra superior moderna

Na minha lista:
Detalhes bibliográficos
Autor principal: Vance, Elbridge Putnam (Author)
Formato: Livro
Idioma:espanhol
inglês
Publicado em: Reading Addison-Wesley 1962
Colecção:Bilingua
Assuntos:
Tags: Adicionar Tag
Sem tags, seja o primeiro a adicionar uma tag!

MARC

LEADER 00000nam a2200000 a 4500
001 UCU3156
003 CL-VaPUC
008 960502e19620000US |||||||||||||||||spa|d
041 0 7 |a spa  |2 CL-VaPUC 
041 0 7 |a eng  |2 CL-VaPUC 
082 0 4 |a 512.9  |b VAN  |2 21 
100 0 |a Vance, Elbridge Putnam  |e author  |9 359929 
245 1 0 |a Algebra superior moderna 
246 1 0 |a Modern college algebra 
300 |a 260 p 
942 |c BK 
945 |d 19960502 00:00:00  |a paguirre 
260 |a Reading  |b Addison-Wesley  |c 1962 
650 0 |a Álgebra  |9 259567 
650 0 |a Matemática  |9 260235 
650 0 |a Lógica matemática   |9 262442 
650 0 |a Funciones   |9 263869 
650 0 |a Polinomios  |9 270626 
650 7 |a TEORIA DE ECUACIONES  |2 CL-VaPUC  |9 270318 
583 |a last modification  |c 19960502 00:00:00  |k Rodrigo Vera 
490 0 |a Bilingua 
999 |c 247255  |d 247253 
952 |0 0  |1 0  |4 0  |6 512_900000000000000_VAN_1962  |7 0  |8 A  |9 262969  |a BIBENE  |b BIBENE  |d 2019-11-19  |i 3238830  |o 512.9 VAN 1962  |p 3238830  |r 2025-01-15  |w 2019-11-19  |y BK  |k ICO